000 00819nam a2200241 4500
003 OSt
005 20260422090126.0
006 a
008 240709b |||||||| |||| 00| 0 eng d
020 _a1572309970
040 _aDWCL-Main lib.
_cOC
082 _aCirc. 150.285 F812h 2004
100 _aFraley, R. Chris
245 _aHow to conduct behavioral research over the internet : a beginner’s guide to HTML and CGI/Perl /
260 _aN. Y. :
_bThe Guilford Press,
_cc2004.
300 _axx,
_b299 p. : ill. ;
_c23 cm.
504 _aIncludes bibliographical references and index.
650 _a1. Internet search.
650 _a2. Psychology-Research-Methodology.
650 _a3. Social sciences-Methodology.
650 _a4. Psychology-Research-Data processing.
942 _2ddc
_n0
_cBK-CIRC
_kCirc.
999 _c2128
_d2128